000
00234nam a22001217a 4500
003
SGT
082
_a
658
_b
RAO
100
_a
RAO,V.S.P
245
_a
MANAGEMENT: TAXT & CASES
250
_a
2ND
260
_a
EXCEL BOOK
942
_2
ddc
_c
CD
999
_c
24320
_d
24320